000 00270nam a2200109Ia 4500
008 190914s9999||||xx |||||||||||||| ||und||
100 _aKevin Lane Keller
245 0 _aStrategic Brand Mangement
260 _aCanada
_bTata McGraw Hill
_c2003
300 _a160
942 _cBK
999 _c9716
_d9716